[Event "NED-ch U11"]
[Site "Waalwijk"]
[Date "2011.04.22"]
[Round "3"]
[White "Schoemaker, Nour Eddinne"]
[Black "De Haas, Lars"]
[Result "1-0"]
[WhiteElo "816"]
[BlackElo "1248"]
[PlyCount "82"]
[EventDate "2011.04.22"]
[EventType "swiss"]
[EventRounds "9"]
[EventCountry "NED"]
[SourceTitle "EXT 2012"]
[Source "ChessBase"]
[SourceDate "2011.11.24"]
[SourceVersion "1"]
[SourceVersionDate "2011.11.24"]
[SourceQuality "1"]

1. e4 e5 2. Nf3 Nc6 3. Nc3 Nf6 4. Bb5 a6 5. Bxc6 dxc6 6. a3 Bg4 7. d3 Bc5 8. Bg5 Bd4 9. Bxf6 Qxf6 10. 0-0 0-0 11. h3 Bxf3 12. Qxf3 Qxf3 13. gxf3 Rfe8 14. Nd1 Re6 15. c3 Rg6+ 16. Kh2 Bc5 17. b4 Bd6 18. Ne3 Rd8 19. Rg1 Be7 20. Nf5 Bf8 21. Rxg6 fxg6 22. Ne3 Rxd3 23. Rc1 Rd2 24. Ng4 Bd6 25. a4 c5 26. bxc5 Bxc5 27. Nxe5 Rxf2+ 28. Kg3 Ra2 29. Rd1 Be7 30. Rd7 Bf8 31. Rd8 h5 32. Nd7 h4+ 33. Kxh4 g5+ 34. Kxg5 Rg2+ 35. Kf4 Rd2 36. Rxf8+ Kh7 37. Ne5 Rd6 38. Nf7 Rf6+ 39. Kg5 Rg6+ 40. Kh5 Rh6+ 41. Nxh6 gxh6 1-0